| 000 | 00594nam a2200217 a 4500 | ||
|---|---|---|---|
| 005 | 20210219152851.0 | ||
| 008 | 991125n 000 0 eng u | ||
| 035 | _aUPN01000064157 | ||
| 100 | _aPurvis, Teresa M | ||
| 222 | _aTEACHING ENGLISH IN THE TWO-YEAR COLLEGE | ||
| 245 | _aAnd now a few words in support of media | ||
| 300 | _a123-127 | ||
| 362 | _a1992 19, No. 2 | ||
| 505 | _aSeptiembre 1992 | ||
| 653 | 0 | _aDISCURSO PERSUASIVO | |
| 653 | 0 | _aINGLES (LENGUA) | |
| 653 | 0 | _aINSTRUCCION PARA LA ESCRITURA | |
| 653 | 0 | _aPUBLICIDAD | |
| 904 |
_aAC _b001968 |
||
| 905 | _aArticulo | ||
| 999 |
_c62455 _d62455 |
||